Регионална библиотека "Любен Каравелов" - Русе

Българчето от Аляска (Запис номер 130685)

MARC детайли
000 -Лидер
Контролно поле с фиксирана дължина 01354nam a2200361 c 4500
003 - Код на организацията, давaща контролен номер
Контролно поле BLK
005 - Дата и час на последна редакция
Контролно поле 20250203102216.0
008 - Елементи от данни с фиксирана дължина
fixed length control field 180409b bul|||||r ||||||| ||bul||
010 ## - Наследен системен номер
LC control number KNG00136473000
020 ## - Международен стандартен номер на книга ISBN
Международен стандартен номер на книга ISBN 978-954-28-1031-5
-- издат.: Сиела Норма
040 ## - Източник на каталожния запис
Идентификатор на билиотеката - собственик на записа BLK
041 ## - Код за език
Код за езика на текст/звукозапис или на отделно заглавие Български
Код за езика КДБФ Български
072 #7 - Код за тематичната категория
Код организация bullib
Код за тематична категория Н84
Текст Българска художествена литература Н
080 ## - УДК
Текстов определител УДК Българска литература
УДК код - определител по УДК 821.163.2
УДК определител -32
УДК - код + определител 821.163.2-32
100 1# - Редна дума - Автор
Автор Енев, Деян
Авторска отговорност първи автор
Автор - информация (биография) Попов, Деян Енев
R(LIN) 365263
139 ## - Редно поле
Редна дума Енев, Деян
Авторски знак Ене - Е 64
245 10 - Сведения за заглавието
Заглавие Българчето от Аляска
Подзаглавни данни Софийски разкази
Редно поле (дума) Деян Енев; * Деян Енев Попов.
257 ## - Страна на издаване
Страна на създаване/издаване България
260 ## - Област на издателските данни
-- София
Име на издателя, разпространителя и проч. Сиела Норма
Година на издаване 2011
300 ## - Физическа характеристика
Страници 140 с.
Размери/Мащаб 21 см
380 ## - Жанр
Жанр Худож. лит.
490 1# - СЕРИИ (Колекции)
Име на серия Майстори на разказа
500 ## - Общи забележки
Забележка Пълното име на авт. е Деян Енев Попов.
653 ## - Ключова дума – ненормативна
Ключова дума разкази
659 ## - Тематичен бюлетин
Тематичен бюлетин Н
700 1# - Други автори (авторска отговорност)
Лично име Попов, Деян Енев
Автороска отговорност (Описва отношението между автора и произведението) *
9 (RLIN) 272523
852 ## - Местоположение
Форматна сигнатура Цб 256915
856 4# - Електронен адрес и достъп
Електронен формат pdf - файл
Път до файла /url/
856 4# - Електронен адрес и достъп
Електронен формат pdf - файл
Път до файла /url/
942 ## - АРТИКУЛИ
Вид на библиотечния материал Книги
Скрит в OPAC Не
Koha issues (borrowed), all copies 11
944 ## - СЪЗДАВАНЕ И РЕДАКЦИЯ на ЗАПИСА
Създаване/Редакция Създаване
Дата на регистрацията/редакция 26.11.2012
Статус, дата на статуса Моника Янева
Служител, извършил регистрацията/редакцията 30570
944 ## - СЪЗДАВАНЕ И РЕДАКЦИЯ на ЗАПИСА
Създаване/Редакция Редакция
Дата на регистрацията/редакция 05.09.2014
Статус, дата на статуса ф /
Служител, извършил регистрацията/редакцията
999 ## - СИСТЕМНИ КОНТРОЛНИ НОМЕРА
Koha biblionumber 130685
Koha biblioitemnumber 130685
Наличности
Код за отписване Код за изгубен артикул Код за повреда Коз за рестрикции Код за отдаване Артикулен № Име на библиотеката - собственик Име на библиотеката, в която се намира в момента Статус (Текущо местоположение) Дата на вписване в системата Местоположение - отдел Цена в лева Инвентарен номер Систематично азбучна сигнатура Баркод Номер на екземпляра Цена в евро Служебна бележка Служебен тип на артикула Източник на класификационната схема
  Не е изгубен Не е повреден без рестрикции заемане за дома 212722 Регионална библиотека "Любен Каравелов" Русе Регионална библиотека "Любен Каравелов" Русе Заемна - подръчен фонд 2012-11-23 Заемна - подръчен фонд 6.00 120000761281 П 886.7-32/Е 64 120000761281 1 3.07 Дост: Pk Вид: Ф N: 0000105728 Дата: 21.11.2012 Дата инв: 13.02.2018 Бележки инв: П2018 Книги  
  Не е изгубен Не е повреден без рестрикции заемане за дома 212723 Регионална библиотека "Любен Каравелов" Русе Регионална библиотека "Любен Каравелов" Русе Заемна - подръчен фонд 2012-11-23 Заемна - подръчен фонд 6.00 120000761282 П 886.7-32/Е 64 120000761282 2 3.07 Дост: Pk Вид: Ф N: 0000105728 Дата: 21.11.2012 Дата инв: 13.02.2018 Бележки инв: П2018 Книги  
  Не е изгубен Не е повреден без рестрикции заемане за дома 212724 Регионална библиотека "Любен Каравелов" Русе Регионална библиотека "Любен Каравелов" Русе Заемна - подръчен фонд 2014-09-08 Заемна - подръчен фонд 10.00 120000780464 П 886.7-32/Е 64 120000780464 3 5.11 Дост: DA Вид: А N: 17 Дата: 08.09.2014 Дата инв: 13.02.2018 Бележки инв: П2018 Книги Universal Decimal Classification
Vip Innovations Ltd, Rousse, Bulgaria 2025